000 00473nam a2200205Ia 4500
008 240510s9999 xx 000 0 und d
020 _a0000262522233
041 _aEng
082 _a004
082 _bB32
100 _aBIERMANN A.W.
245 0 _aGREAT IDEAS IN COMPUTER SCIENCE
250 _a2nd ed.
260 _bLONDON : MIT
260 _c1998
300 _a539 p.
650 _aCOMPUTER SCIENCE : INTRODUCTION TO COMPUTER
942 _2ddc
942 _cRBK
999 _c25121
_d25121
945 _a1
_bMadushi Gamage
_c1
_dMadushi Gamage